Instrukce pro řešení úloh z hydrogeologie na počítačích /

Další autoři: Grmela, Arnošt, 1940-
Jazyk: Čeština
Vydáno: Ostrava : VŠB-Technická univerzita, 1990
Vydání: 1. vyd.
Témata:
Externí odkaz: Digitalizovaný dokument
Fyzický popis: 84 s.
Knihy
Uloženo v:
LEADER 01192nam a22002892a 4500
001 000205542
003 CZ BrMZK
005 20080204100038.0
007 ta
008 920101s1990 xr f cze d
015 |a cnb000056378 
035 |a (OCoLC)39420366 
040 |a BOA001  |b cze 
080 9 |a 551.49:681.3(076) 
080 9 |a 681.3:551.49(076.5) 
245 0 0 |a Instrukce pro řešení úloh z hydrogeologie na počítačích /  |c Arnošt Grmela ... [et al.] 
250 |a 1. vyd. 
260 |a Ostrava :  |b VŠB-Technická univerzita,  |c 1990 
300 |a 84 s. 
700 1 |a Grmela, Arnošt,  |d 1940-  |7 xx0018754  |4 aut 
856 4 1 |u http://www.digitalniknihovna.cz/mzk/uuid/uuid:46cc4fe0-1e87-11e3-a5bb-005056827e52  |y Digitalizovaný dokument  |x NDK 
910 |a BOA001  |b TK-A-0244.322  |b 4-0958.226 
964 |a Hydrologie - počítače - využití - praktika 
990 |a BK 
996 7 |b 2619446386  |c 4-0958.226  |l MZK  |r Sklad / do 1 hodiny  |n 1  |w 000205542  |u 000030  |a 1  |e BOA001  |j MZK50  |s A 
996 7 |b 2629993615  |c TK-A-0244.322  |l MZK  |r Sklad / do 24 hodin  |n 2  |w 000205542  |u 000010  |a 1  |e BOA001  |j MZK50  |s A 
996 7 |b 2629993703  |c TK-A-0244.322  |l MZK  |r Sklad / do 24 hodin  |n 2  |w 000205542  |u 000020  |a 1  |e BOA001  |j MZK50  |s A